[Event "Oakham"]
[Site "Oakham"]
[Date "1994.??.??"]
[Round "9"]
[White "Prie, Eric"]
[Black "Shaw, John"]
[Result "1/2-1/2"]
[WhiteElo "2475"]
[BlackElo "2290"]

1.e4 d6 2.d4 Nf6 3.Nc3 Nbd7 4.f4 e5 5.Nf3 c6 6.dxe5 dxe5 7.fxe5 Ng4 8.e6 fxe6
9.Ng5 Nde5 10.Qxd8+ Kxd8 11.h3 Nh6 12.Bf4 Nhf7 13.O-O-O+ Ke7 14.Nxf7 Nxf7
15.e5 g5 16.Be3 b6 17.Ne4 h6 18.Nd6 Bg7 19.Nxf7 Kxf7 20.Be2 Ke7 21.Rhf1 Bxe5
22.Bh5 Rh7 23.h4 Ba6 24.Rf2 Rd8 25.Rxd8 Kxd8 26.hxg5 hxg5 27.Bxg5+ Kc7 28.g4 Bd4
29.Rf8 e5 30.c3 Bc5 31.Re8 Bd6 32.Bf6 Bc4 33.Bxe5 Bxa2 34.Bxd6+ Kxd6 35.Bg6 Rh1+
36.Kd2 Be6 37.Bf5 Bxf5 38.gxf5 Rf1 39.Re6+ Kd7 40.Rf6 Rf2+ 41.Kc1 a5 42.Rf7+ Kd6
43.Rf6+ Kc5 44.b3 b5 45.Kb1 a4 46.bxa4 bxa4 47.Rf8 Kc4 48.f6 Kb3 49.Rb8+ Kxc3
50.Rf8 c5 51.f7 c4 52.Ka1 Rf3 53.Kb1 Rf4 54.Ka1 Rf2 55.Kb1 a3 56.Ra8 a2+
57.Ka1 Rxf7 58.Ra3+ Kc2 59.Rxa2+ Kc1 60.Ra3 Rc7 61.Rc3+ Kd2 62.Rh3 c3 63.Rh2+ Kc1
64.Rh1+ Kc2 65.Rh2+ Kb3 66.Kb1 Rg7 67.Rb2+  1/2-1/2

[Event "Orel"]
[Site "Orel"]
[Date "1994.??.??"]
[Round "1"]
[White "Zaitsev, Igor A"]
[Black "Komliakov, Viktor"]
[Result "1/2-1/2"]
[WhiteElo "2430"]
[BlackElo "2445"]

1.e4 d6 2.d4 Nf6 3.Nc3 e5 4.Nf3 Nbd7 5.Bc4 Be7 6.O-O c6 7.a4 a5 8.Be3 O-O
9.h3 h6 10.Qe2 Re8 11.d5 Nf8 12.Kh2 Ng6 13.Rad1 Bd7 14.g3 Qc7 15.Ng1 Bf8
16.f3 Rac8 17.Rd2 Ne7 18.b3 cxd5 19.exd5 Nf5 20.Nb5 Qd8 21.Qf2 Nxe3 22.Qxe3 h5
23.Ne2 Rc5 24.Nec3 Qc8 25.Na7 Qb8 26.Nab5 Qc8 27.Na7  1/2-1/2

[Event "Osterskan op"]
[Site "Osterskan"]
[Date "1994.??.??"]
[Round "?"]
[White "Kytoniemi, Jyrki"]
[Black "Eriksson, Jorgen"]
[Result "0-1"]
[WhiteElo "2290"]
[BlackElo "2205"]

1.e4 d6 2.d4 Nf6 3.Nc3 c6 4.a4 e5 5.Nf3 Nbd7 6.Bc4 Be7 7.Bb3 O-O 8.O-O a5
9.h3 Qe8 10.Re1 Bd8 11.Be3 Qe7 12.Qd2 Bc7 13.Rad1 Nb8 14.Qe2 Na6 15.Bg5 Re8
16.d5 Bd7 17.Bc4 Nc5 18.Ra1 h6 19.Bxf6 Qxf6 20.Nd2 Rf8 21.Nb3 Bb6 22.Nxc5 Bxc5
23.Nd1 Qg6 24.Kh1 Kh8 25.g4 Qg5 26.f3 h5 27.Nf2 g6 28.Nd3 Bb6 29.Kg2 Kg7
30.Rh1 hxg4 31.hxg4 Rh8 32.Rxh8 Rxh8 33.Rh1 Rxh1 34.Kxh1 Qh4+ 35.Kg2 f5 36.dxc6 Bxc6
37.Bd5 fxg4 38.fxg4 Bd7 39.Nf2 Bxf2 40.Qxf2 Qxg4+ 41.Qg3 Qxg3+ 42.Kxg3 Bxa4
43.Bxb7 Bxc2 44.Kf3 Kf6 45.Ke3 Kg5 46.Bc8 Bb3 47.Bb7 Kg4 48.Bc8+ Kg3 49.Bd7 g5
50.Bc8 Bd1 51.Be6 Bg4 52.Bf5 d5 53.Kd3 d4 54.b3 Kf4 55.Bg6 Bf3  0-1

[Event "Osterskan op"]
[Site "Osterskan"]
[Date "1994.??.??"]
[Round "?"]
[White "Raaste, Eero J"]
[Black "Eriksson, Jorgen"]
[Result "1/2-1/2"]
[WhiteElo "2350"]
[BlackElo "2205"]

1.e4 d6 2.d4 Nf6 3.Nc3 c6 4.a4 e5 5.Nf3 Nbd7 6.Be2 Be7 7.O-O O-O 8.Re1 a5
9.Bf1 Re8 10.h3 Qc7 11.Be3 Nf8 12.Qd2 Ng6 13.Rad1 h6 14.Qc1 Nh5 15.dxe5 dxe5
16.Nd2 Nhf4 17.Nc4 Bb4 18.Nb6 Rb8 19.Nxc8 Rbxc8 20.g3 Ne6 21.Bg2 Rcd8 22.Rxd8 Rxd8
23.Rd1 Nc5 24.Rxd8+ Qxd8 25.Qa1 Nf8 26.Ne2 Nfe6 27.b3 Na6 28.Qxe5 Qd1+ 29.Bf1 Bc5
30.Bxc5 Naxc5 31.Nf4 Qxc2 32.Nxe6 Nxe6 33.Bc4 Ng5 34.Qe8+ Kh7 35.Bxf7 Qd1+
36.Kh2 Nf3+ 37.Kg2 Ne1+  1/2-1/2

[Event "Osterskan op"]
[Site "Osterskan"]
[Date "1994.??.??"]
[Round "?"]
[White "De Firmian, Nick E"]
[Black "Minnullin, Albert"]
[Result "1-0"]
[WhiteElo "2565"]
[BlackElo "2280"]

1.e4 d6 2.d4 Nf6 3.Nc3 e5 4.Nf3 Nbd7 5.Bc4 Be7 6.O-O c6 7.a4 Qc7 8.Re1 h6
9.h3 g5 10.Nh2 Nf8 11.Be3 Ng6 12.dxe5 dxe5 13.Ng4 Nh5 14.Ne2 Nhf4 15.Ng3 Be6
16.Bxe6 fxe6 17.Bxf4 Nxf4 18.Ne3 Rd8 19.Qf3 Kd7 20.Red1+ Kc8 21.Rxd8+ Rxd8
22.Rd1 Rf8 23.Nh5 Bc5 24.Nxf4 exf4 25.Nc4 Rd8 26.b3 b5 27.Nb2 Rxd1+ 28.Qxd1 Qd7
29.Nd3 bxa4 30.bxa4 Bf8 31.Qa1 c5 32.Qa2 f3 33.gxf3 Qc6 34.Qc4 Kc7 35.f4 a5
36.Kg2 Kb6 37.fxg5 hxg5 38.Ne5 Qd6 39.Qb5+ Kc7 40.Qxa5+ Kb7 41.Qb5+ Kc7 42.Nc4 Qf4
43.Qb6+ Kd7 44.Qb7+ Ke8 45.Ne3 Bd6 46.Ng4 Bc7 47.Qc6+ Kd8 48.Qxe6  1-0

[Event "HUN-ch U14"]
[Site "Paks"]
[Date "1994.??.??"]
[Round "2"]
[White "Acs, Peter"]
[Black "Horvath, Adam"]
[Result "0-1"]
[WhiteElo "2215"]
[BlackElo "2080"]

1.e4 d6 2.d4 Nf6 3.Nc3 c6 4.f3 Nbd7 5.Be3 e5 6.Qd2 Qa5 7.Nge2 b5 8.g3 Nb6
9.b3 b4 10.Nd1 c5 11.dxe5 dxe5 12.c4 Bb7 13.Bg2 Rd8 14.Qb2 Nbd7 15.O-O Qc7
16.Nf2 Be7 17.f4 O-O 18.f5 Nb8 19.g4 h6 20.Ng3 Nc6 21.Qc1 Nh7 22.Nh3 Rd3
23.Nh5 Nd4 24.Re1 Qd6 25.Bxd4 Qxd4+  0-1

[Event "HUN-ch U16 Girls"]
[Site "Paks"]
[Date "1994.??.??"]
[Round "8"]
[White "Kiss, Fernanda"]
[Black "Lendvai, Edit"]
[Result "0-1"]
[WhiteElo "2100"]
[BlackElo "2070"]

1.e4 d6 2.d4 Nf6 3.Nc3 Nbd7 4.Be3 e5 5.h3 Be7 6.Nf3 c6 7.a4 h6 8.Bc4 O-O
9.O-O Nxe4 10.Nxe4 d5 11.Ng3 exd4 12.Bxh6 dxc4 13.Bf4 c5 14.Nf5 Bf6 15.Re1 Nb6
16.Nd6 Nd5 17.Bg3 Nb4 18.Nxc4 Bf5 19.Bd6 Nxc2 20.Bxc5 Nxe1 21.Nxe1 Re8 22.Nd6 Re5
23.Ba3 Rd5 24.Nc4 Rc8 25.Nd2 Qc7 26.Ndf3 Bc2 27.Qd2 Bxa4 28.Bb4 b5 29.Ba5 Qc4
30.Nh2 Bg5 31.f4 Bd8 32.Bxd8 Rdxd8 33.Ng4 d3 34.Ne5 Qd4+ 35.Kh1 Bc2 36.N1f3 Qxb2
37.Rxa7 Qb1+ 38.Kh2 Bb3 39.Qb4 Qc2 40.Ng6 Qc5 41.Ne7+ Kf8 42.Qxb3 Qxa7 43.Nxc8 Rxc8
44.Qxd3 Qc7 45.Qf5 b4 46.Ng5 Re8 47.Qg4 Qc2 48.Qd7 Qg6 49.h4 b3 50.Qb7 Qf5
51.Qxb3 Qxf4+ 52.Qg3 Qxg3+ 53.Kxg3 f6 54.Nh3 Kf7 55.h5 Re5 56.Nf4 f5 57.Kf3 Kf6
58.g3 Kg5 59.Nd3 Re4  0-1

[Event "Pamplona9495"]
[Site "Pamplona"]
[Date "1994.??.??"]
[Round "?"]
[White "De la Villa Garcia, Jesus Maria"]
[Black "Rivas Pastor, Manuel"]
[Result "1/2-1/2"]
[WhiteElo "2490"]
[BlackElo "2520"]

1.e4 d6 2.d4 Nf6 3.Nc3 c6 4.f4 Qb6 5.Nf3 Bg4 6.Be2 Bxf3 7.Bxf3 e5 8.Ne2 Nbd7
9.c3 Be7 10.O-O O-O 11.Qb3 d5 12.fxe5 Nxe5  1/2-1/2

[Event "Pardubice op"]
[Site "Pardubice"]
[Date "1994.??.??"]
[Round "2"]
[White "Dobrovolsky, Ladislav"]
[Black "Mokry, Karel"]
[Result "0-1"]
[WhiteElo "2400"]
[BlackElo "2530"]

1.e4 d6 2.d4 Nf6 3.Nc3 c6 4.Nf3 Bg4 5.Be2 e6 6.O-O Be7 7.Ng5 Bxe2 8.Qxe2 h6
9.Nf3 d5 10.Bf4 Qb6 11.Rfb1 Nbd7 12.e5 Nh7 13.b4 O-O 14.Na4 Qc7 15.a3 b6
16.Nb2 a5 17.Nd3 axb4 18.axb4 Qb7 19.Qe1 Rxa1 20.Rxa1 Ra8 21.Qc3 Nhf8 22.g3 Nb8
23.Rxa8 Qxa8 24.b5 Qa4 25.bxc6 Nxc6 26.Be3 Nd7 27.h4 Qc4 28.Qd2 Nb4 29.Nxb4 Bxb4
30.Qd1 Nb8 31.g4 Nc6 32.h5 Be7 33.Qd2 Nb4 34.g5 Qxc2 35.gxh6 Qf5 36.Nh2 gxh6
37.Bxh6 Qxh5 38.f3 Qg6+ 39.Ng4 Qb1+ 40.Kf2 Qc2 41.Ke2 Kh7 42.Qxc2+ Nxc2 43.Kd3 Nb4+
44.Kc3 Nc6 45.Bf4 Kg6 46.Ne3 Bg5 47.Ng2 b5 48.Bg3 b4+ 49.Kd3 b3 50.f4 Nxd4  0-1

[Event "Pardubice op"]
[Site "Pardubice"]
[Date "1994.??.??"]
[Round "3"]
[White "Mokry, Karel"]
[Black "Mikac, Matjaz"]
[Result "1-0"]
[WhiteElo "2530"]
[BlackElo "2430"]

1.e4 d6 2.d4 Nf6 3.Nc3 Nbd7 4.f4 e5 5.Nf3 exd4 6.Qxd4 c6 7.Be3 Be7 8.Qd2 O-O
9.Bd3 Re8 10.O-O-O Qa5 11.Kb1 Bf8 12.Rhe1 Nc5 13.Bxc5 Qxc5 14.e5 dxe5 15.fxe5 Nd5
16.Nxd5 cxd5 17.Qf4 Be6 18.Ng5 g6 19.Rf1 Qc7 20.Bb5 Re7 21.Qh4 h6 22.Nxe6 fxe6
23.Rde1 Bg7 24.Bd3 Rf7 25.Rxf7 Qxf7 26.Qg4 Rf8 27.Bxg6 Qe7 28.Bd3 Rf2 29.a3 Qf7
30.Ka2 Rf4 31.Qh3 a6 32.Re3 b5 33.Rg3 Kf8 34.Rg6 Ke7 35.Qg3  1-0

[Event "Pardubice op2"]
[Site "Pardubice"]
[Date "1994.??.??"]
[Round "5"]
[White "Rehak, Martin"]
[Black "Modrova, Hana"]
[Result "1-0"]
[WhiteElo "2040"]
[BlackElo "2030"]

1.e4 d6 2.d4 Nf6 3.Nc3 c6 4.f4 Qa5 5.Bd2 e5 6.Nd5 Qd8 7.Nxf6+ Qxf6 8.dxe5 dxe5
9.Nf3 exf4 10.Bd3 Bc5 11.e5 Qh6 12.Qe2 Be6 13.O-O-O Nd7 14.h4 O-O-O 15.Ng5 Be3
16.Bxe3 fxe3 17.Qxe3 Kb8 18.Rde1 Nb6 19.Rhf1 Nd5 20.Qd2 c5 21.Nxf7 Qxd2+
22.Kxd2 Bxf7 23.Rxf7 Nb4 24.e6 c4 25.e7 cxd3 26.exd8=Q+ Rxd8 27.c3 Nd5 28.Rxg7  1-0

[Event "Pardubice op2"]
[Site "Pardubice"]
[Date "1994.??.??"]
[Round "5"]
[White "Svetchnikov"]
[Black "Sazonov, Anatolij"]
[Result "0-1"]
[WhiteElo "2100"]
[BlackElo "2135"]

1.e4 d6 2.d4 Nf6 3.Nc3 c6 4.f4 g6 5.Nf3 Bg7 6.e5 dxe5 7.fxe5 Nd5 8.Bd3 O-O
9.Nxd5 Qxd5 10.Be3 b5 11.Qd2 Nd7 12.Ng5 Nb6 13.b3 f6 14.Be4 Qd7 15.Nf3 Bb7
16.O-O Rad8 17.Rad1 f5 18.Bd3 Nd5 19.Bh6 f4 20.Bxg7 Kxg7 21.Rde1 Ne3 22.Rf2 h6
23.c3 c5 24.Bb1 Bxf3 25.gxf3 cxd4 26.Qd3 Rf5 27.Kh1 Rg5 28.Qe4 Rf8 29.cxd4 Qh3
30.Rxe3 fxe3 31.Qxe3 Qd7 32.f4 Rg4 33.h3 Rh4 34.Kh2 Qg4 35.Bxg6 Kh8 36.f5 Qxd4
37.Re2 Qxe3 38.Rxe3 Rd4 39.Kg3 Kg7 40.h4 Rfd8 41.h5 b4 42.Rf3 Rc8 43.f6+ exf6
44.exf6+ Kf8 45.Rf2 Rc3+ 46.Kg2 Rc6 47.f7 Rcd6 48.Kg3 Rd2 49.Rf4 a5 50.Rc4 Rd8
51.Rc5 R2d5 52.Rc2 Re5 53.Kf4 Re7 54.Rc5 Ra8 55.Kf3 Kg7 56.Kf2 Re6 57.Kg3 Re2
58.Kf4 Rxa2 59.Ke5 Rb2 60.Bc2 Ra7 61.Ke6 Rxf7 62.Bg6 Ra7 63.Bc2 a4 64.bxa4 b3
65.Bg6 Rb7 66.a5 Re2+ 67.Kd6 b2 68.a6 Rb6+  0-1

[Event "Pardubice op"]
[Site "Pardubice"]
[Date "1994.??.??"]
[Round "6"]
[White "Yakovich, Yuri"]
[Black "Mokry, Karel"]
[Result "1/2-1/2"]
[WhiteElo "2515"]
[BlackElo "2530"]

1.d4 d6 2.e4 Nf6 3.Nc3 c6 4.f4 Qa5 5.Bd3 e5 6.Nf3 Bg4 7.Be3 Nbd7 8.O-O Be7
9.h3 Bxf3 10.Qxf3 O-O 11.Ne2 c5 12.dxe5 dxe5 13.Nc3 Bd6 14.f5 Nb6 15.Qe2 Rfd8
16.a3 Rac8 17.Bc4 Nxc4 18.Qxc4 Bf8 19.Bg5 Rd4 20.Qe2 Ne8 21.Be3 Rd7 22.Rad1 Rxd1
23.Rxd1 Qb6 24.Qb5 Qxb5 25.Nxb5 a6 26.Nc3 Nd6 27.Kf2 f6 28.Kf3 Kf7 29.g4 b5
30.Rd5 Nc4 31.Rd7+ Kg8 32.Bc1 b4 33.axb4 cxb4 34.Nd5 Nd6 35.Rc7 Rxc7 36.Nxc7 a5
37.b3 Nb7 38.Ke3 Bc5+ 39.Kd3 Bb6 40.Nd5 Bd4 41.Be3 Bxe3 42.Nxe3 Nd6 43.h4 g6
44.g5 fxg5 45.hxg5 gxf5 46.exf5 Kg7 47.Nc4 Nxf5 48.Nxe5 Nd6 49.Ke3 Nb5 50.Nc6 Kg6
51.Nxa5 Na3 52.Nc6 Nxc2+ 53.Kf4 Na1 54.Nxb4 Nxb3  1/2-1/2

[Event "Pardubice op"]
[Site "Pardubice"]
[Date "1994.??.??"]
[Round "7"]
[White "Macieja, Bartlomiej"]
[Black "Panchenko, Alexander N"]
[Result "1/2-1/2"]
[WhiteElo "2420"]
[BlackElo "2475"]

1.e4 d6 2.d4 Nf6 3.Nc3 e5 4.Nf3 Nbd7 5.Bc4 Be7 6.O-O O-O 7.Re1 c6 8.a4 b6
9.d5 cxd5 10.Nxd5 Nxd5 11.Bxd5 Rb8 12.b3 a6 13.Nd2 Nf6 14.Nc4 Nxd5 15.Qxd5 Be6
16.Qd3 b5 17.axb5 axb5 18.Ne3 Qc7 19.Bd2 Bg5 20.Ra2 h6 21.Bb4 Bxe3 22.Qxe3 Qc6
23.Qc3 Qxc3 24.Bxc3 Ra8 25.Rxa8 Rxa8 26.Bb4 Ra6 27.f3 Ra2 28.Bxd6 Rxc2 29.b4 f6
30.h4 h5 31.Kh2 Kf7 32.Kg3 Rd2 33.Bc5 Bc4 34.Ra1 Ba2 35.Rf1 Bb3 36.Re1 Ba4
37.Rc1 Bb3 38.Be3  1/2-1/2

[Event "Pardubice op"]
[Site "Pardubice"]
[Date "1994.??.??"]
[Round "9"]
[White "Klovans, Janis"]
[Black "Blatny, Pavel"]
[Result "1/2-1/2"]
[WhiteElo "2405"]
[BlackElo "2485"]

1.e4 d6 2.d4 Nf6 3.Nc3 c6 4.f4 Qa5 5.Bd3 e5 6.Nf3 Nbd7 7.O-O Be7 8.Kh1 O-O
9.a3 Qc7 10.b4 a5 11.Rb1 Re8 12.Qe1 axb4 13.axb4 Bf8 14.Qh4 exd4 15.Nxd4 g6
16.Nf3 Bg7 17.Bd2 Qd8 18.g4 d5 19.e5 Nxg4 20.Qxg4 Nxe5 21.Qg3 Nxd3 22.cxd3 d4
23.Ne4 Ra3 24.Nf2 Bf5 25.Rbe1 Bxd3 26.Nxd3 Rxd3 27.Rxe8+ Qxe8 28.Re1 Qd8
29.f5 Bf8 30.Kg2 b6 31.fxg6 hxg6 32.Bg5 Qd5 33.Bf6 Re3 34.Qh3 Bg7 35.Rxe3 dxe3
36.Qc8+ Kh7 37.Qh3+ Kg8 38.Qc8+ Kh7 39.Qh3+ Kg8 40.Qc8+ Kh7 41.Qh3+  1/2-1/2

[Event "Paris op"]
[Site "Paris"]
[Date "1994.??.??"]
[Round "1"]
[White "Belkhodja, Slim"]
[Black "Manouck, Thierry"]
[Result "1-0"]
[WhiteElo "2390"]
[BlackElo "2290"]

1.e4 d6 2.d4 Nf6 3.Nc3 Nbd7 4.Nge2 e5 5.g3 b5 6.Bg2 c6 7.O-O Be7 8.h3 O-O
9.Be3 Bb7 10.g4 h6 11.Ng3 Re8 12.Qd2 Bf8 13.f4 b4 14.Nd1 exd4 15.Bxd4 c5
16.Bxf6 Nxf6 17.Nf2 Qc7 18.h4 Rad8 19.g5 hxg5 20.hxg5 Nd7 21.Ng4 c4 22.Rae1 c3
23.bxc3 Qxc3 24.Qxc3 bxc3 25.Rd1 Nc5 26.Rd4 a5 27.f5 Rb8 28.g6 f6 29.Nh5 Be7
30.Rfd1 Ba6 31.Bf1 Bxf1 32.Kxf1 Rb2 33.Ne3 Rxa2 34.Nd5 Kf8 35.Nxe7 Rxe7 36.Rxd6 Nxe4
37.Rd8+ Re8 38.Rxe8+ Kxe8 39.Re1 Kf8 40.Rxe4 Rxc2 41.Rc4 a4 42.Rc7 Rc1+ 43.Ke2  1-0

[Event "Passau op"]
[Site "Passau"]
[Date "1994.??.??"]
[Round "?"]
[White "Babula, Milan"]
[Black "Agrest, Evgenij"]
[Result "0-1"]
[WhiteElo "2285"]
[BlackElo "2475"]

1.e4 d6 2.d4 Nf6 3.Nc3 c6 4.Nf3 Bg4 5.Be2 e6 6.O-O Be7 7.Bf4 O-O 8.h3 Bh5
9.Re1 d5 10.Ne5 Bxe2 11.Rxe2 Qb6 12.exd5 cxd5 13.Qd3 Rc8 14.Nd1 Nc6 15.c3 a5
16.Ne3 Qa6 17.Qd1 Nxe5 18.Bxe5 Ne4 19.Nf1 b5 20.a3 Qc6 21.Nd2 Nd6 22.Bxd6 Bxd6
23.Nf3 Rab8 24.Ne5 Qb7 25.Qd3 b4 26.cxb4 axb4 27.a4 Ra8 28.Rc2 f6 29.Rxc8+ Qxc8
30.Nf3 Kf7 31.Kf1 g6 32.a5 Ra6 33.Nd2 Ke7 34.Qb5 Kd8 35.Ke2 Ra7 36.a6 Qd7
37.Qa5+ Qc7 38.Qb5 Ke7 39.f3 Qb8 40.Qd3 Qb6 41.Nb3 Kf7 42.Ra5 Qc7 43.Kd1 Be7
44.Qb5 Bd8 45.Ra4 Qh2 46.Qe2 Qg1+ 47.Kc2 e5 48.Rxb4 Rc7+ 49.Kd2 Qb1 50.Ke3 exd4+
51.Kf2 d3 52.Nd2 Qc2 53.Qe3 Be7 54.Rb7 Rxb7 55.axb7 Bc5 56.b8=Q Qxd2+  0-1

[Event "POL-ch (Women)"]
[Site "?"]
[Date "1994.??.??"]
[Round "9"]
[White "Bednarska, Malgorzata"]
[Black "Sadkiewicz, Joanna"]
[Result "1-0"]
[WhiteElo "2235"]
[BlackElo "2225"]

1.e4 d6 2.d4 Nf6 3.Nc3 c6 4.f4 Qa5 5.Bd2 Qb6 6.Nf3 Bg4 7.e5 Nd5 8.Bc4 Nxc3
9.Bxf7+ Kd8 10.Bxc3 Nd7 11.Qd2 Qc7 12.Ng5 h6 13.Ne6+ Bxe6 14.Bxe6 a5 15.Qd3 b5
16.a3 d5 17.Qg6 Ra6 18.Bxd5 h5 19.Be6 c5 20.d5 Nb6 21.Qd3 c4 22.Qd2 Na4 23.O-O Nxc3
24.Qxc3 Qc5+ 25.Kh1 Kc7 26.b3 g6 27.bxc4 bxc4 28.Rab1 Bg7 29.Qb2 Rb6 30.Qxb6+ Qxb6
31.Rxb6 Kxb6 32.Rb1+ Kc7 33.Rb5 g5 34.g3 gxf4 35.gxf4 Bh6 36.Rc5+ Kb6 37.Rxc4 Rf8
38.f5 Rd8 39.Rd4 Kc5 40.Ra4 Rb8 41.Rxa5+ Kd4  1-0

[Event "POL-ch (Women)"]
[Site "?"]
[Date "1994.??.??"]
[Round "11"]
[White "Pilarska, Czeslawa"]
[Black "Sadkiewicz, Joanna"]
[Result "1/2-1/2"]
[WhiteElo "2170"]
[BlackElo "2225"]

1.e4 d6 2.d4 Nf6 3.Nc3 c6 4.a4 Qa5 5.Bd3 e5 6.Ne2 Be7 7.O-O O-O 8.h3 Nbd7
9.Bd2 Qc7 10.Re1 Re8 11.a5 Nf8 12.dxe5 dxe5 13.Ng3 g6 14.Bc4 Ne6 15.Nce2 h5
16.Nc1 h4 17.Nf1 Nc5 18.Qf3 Be6 19.Bxe6 Nxe6 20.c3 Red8 21.Be3 c5 22.b3 b5
23.axb6 axb6 24.Rxa8 Rxa8 25.Nh2 Rd8 26.Ng4 Nxg4 27.Qxg4 Qc6 28.g3 hxg3 29.fxg3 Qd7
30.Rf1 Ng5 31.Qxd7 Rxd7 32.Bxg5 Bxg5 33.h4 Be3+ 34.Kg2 Bxc1 35.Rxc1 Rd2+
36.Kf3 Rb2 37.Kg4 Rxb3 38.Kg5 Kg7 39.h5 gxh5 40.Kxh5 b5 41.Kg5 Rb2 42.Kf5 f6
43.g4 Rd2 44.g5 Rf2+ 45.Ke6 fxg5 46.Rb1 Rf3 47.Rxb5 g4  1/2-1/2

[Event "POL-ch (Women)"]
[Site "?"]
[Date "1994.??.??"]
[Round "13"]
[White "Dabrowska, Krystyna"]
[Black "Sadkiewicz, Joanna"]
[Result "1-0"]
[WhiteElo "2300"]
[BlackElo "2225"]

1.e4 d6 2.d4 Nf6 3.Nc3 c6 4.f4 Qa5 5.Bd2 Qb6 6.Nf3 Bg4 7.e5 Nd5 8.exd6 Nxc3
9.Bxc3 e6 10.h3 Bxf3 11.Qxf3 Bxd6 12.O-O-O O-O 13.f5 exf5 14.Qxf5 Bb4 15.Bxb4 Qxb4
16.h4 Qd6 17.Bd3 g6 18.Qh3 Qxd4 19.h5 Qg7 20.hxg6 hxg6 21.Rdf1 Na6 22.Rf4  1-0

[Event "POL-ch U20 Girls"]
[Site "?"]
[Date "1994.??.??"]
[Round "2"]
[White "Jablonska, Hanna"]
[Black "Bartosik, Olimpia"]
[Result "0-1"]
[WhiteElo "2075"]
[BlackElo "2130"]

1.e4 d6 2.d4 Nf6 3.Nc3 e5 4.d5 Be7 5.f3 O-O 6.Be3 c6 7.Qd2 Ne8 8.O-O-O a5
9.g4 a4 10.g5 Nc7 11.h4 Bd7 12.Bh3 c5 13.Nge2 b5 14.Ng3 b4 15.Nb1 Nb5 16.Bxd7 Nxd7
17.Nf5 Nd4 18.Bxd4 exd4 19.f4 Re8 20.Rdg1 Kh8 21.h5 Bf8 22.Qg2 Nb6 23.h6 g6
24.Ng7 Re7 25.f5 Nc4 26.fxg6 hxg6 27.Qf3 Rb7 28.Nd2 Ne5 29.Qg3 Be7 30.Nf5 c4
31.Nxd4 b3 32.cxb3 axb3 33.a3 c3 34.Qxc3 Bxg5 35.Nc6 Qf6 36.Rf1 Bxd2+ 37.Qxd2 Nf3
38.Qe3 Rxa3 39.Kb1 Ra2 40.Rf2 g5 41.Qxf3 Rxb2+ 42.Rxb2 Qxf3 43.Rc1 Qd3+  0-1

[Event "POL-ch U20 Girls"]
[Site "?"]
[Date "1994.??.??"]
[Round "5"]
[White "Dworakowska, Joanna"]
[Black "Bartosik, Olimpia"]
[Result "0-1"]
[WhiteElo "2190"]
[BlackElo "2130"]

1.e4 d6 2.d4 Nf6 3.Nc3 e5 4.Nf3 Nbd7 5.Bc4 Be7 6.O-O O-O 7.Qe2 c6 8.a4 exd4
9.Nxd4 Re8 10.Kh1 Bf8 11.f4 d5 12.Ba2 Nxe4 13.Nxe4 Rxe4 14.Qd1 Nf6 15.c3 Re8
16.Bb1 Ne4 17.Qf3 Qh4 18.g3 Qh3 19.Rg1 Bg4 20.Qg2 c5 21.Bxe4 Rxe4 22.Qxh3 Bxh3
23.Nf3 Bd7 24.b3 f6 25.Ra2 Rae8 26.h4 Bc6 27.Rf2 d4 28.cxd4 Rxd4 29.Kh2 Rd3
30.Nd2 c4 31.Nxc4 Bc5 32.Rgf1 Bxf2 33.Rxf2 Rd1  0-1

[Event "POL-ch U20 Girls"]
[Site "?"]
[Date "1994.??.??"]
[Round "7"]
[White "Grabarska, Barbara"]
[Black "Bartosik, Olimpia"]
[Result "1-0"]
[WhiteElo "2020"]
[BlackElo "2130"]

1.e4 d6 2.d4 Nf6 3.Nc3 e5 4.Nf3 Nbd7 5.Bc4 Be7 6.O-O O-O 7.dxe5 dxe5 8.Qe2 c6
9.a4 Qc7 10.Nh4 Nc5 11.Nf5 Bxf5 12.exf5 Rad8 13.Be3 b6 14.g4 Nd5 15.g5 Kh8
16.Bxc5 Nf4 17.Qg4 Bxc5 18.Rad1 Qe7 19.Ne4 Nd5 20.Kh1 Qb7 21.f6 Rg8 22.Qf5 Qc7
23.fxg7+ Rxg7 24.Nf6 Be7 25.Rg1 Rd6 26.Qxe5 Nxf6 27.gxf6 Rxd1 28.fxg7+  1-0

[Event "POL-ch U20"]
[Site "?"]
[Date "1994.??.??"]
[Round "5"]
[White "Kania, Piotr"]
[Black "Wismont, Ryszard"]
[Result "1-0"]
[WhiteElo "2275"]
[BlackElo "2150"]

1.e4 d6 2.d4 Nf6 3.Nc3 c6 4.f3 Qc7 5.Be3 e5 6.Nge2 Nbd7 7.g4 h6 8.Ng3 Nb6
9.a4 Be6 10.d5 cxd5 11.Bb5+ Kd8 12.Bxb6 Qxb6 13.exd5 Qe3+ 14.Be2 Bd7 15.Qd3 Qf4
16.Nce4 g6 17.Qd2 Qxd2+ 18.Nxd2 Nxd5 19.Bc4 Nb4 20.Bb3 f5 21.gxf5 gxf5 22.Nc4 Be7
23.Rd1 Kc7 24.c3 Na6 25.Bc2 Raf8 26.Ne3 f4 27.Nd5+ Kd8 28.Ne4 Bc6 29.Ke2 Rhg8
30.Rhf1 Bxd5 31.Rxd5 Kc7 32.b4 Rg2+ 33.Rf2 Rfg8 34.Kf1 Rg1+ 35.Ke2 Rc1 36.Kd3 Nb8
37.Kc4 Re1 38.Rfd2 Rd8 39.Rg2 Nd7 40.a5 Nf6 41.Nxf6 Bxf6 42.Rg6 Bg5 43.Bf5 a6
44.Rg7+ Kb8 45.b5 Rf8 46.b6 Rd8 47.Rc7 Rf8 48.Bh3 Rh1 49.Rxd6 Rxh2 50.Be6 Re8
51.Kb3 e4 52.Bd5 Re5 53.Rxb7+ Kc8 54.Rc7+ Kb8 55.Rdc6 Re8 56.Ra7  1-0

[Event "Wisla op (Women)"]
[Site "Poland"]
[Date "1994.??.??"]
[Round "?"]
[White "Erneste, Inguna"]
[Black "Wiliczkiewicz, Zdzislawa"]
[Result "1-0"]
[WhiteElo "2300"]
[BlackElo "2010"]

1.e4 d6 2.d4 Nf6 3.Nc3 e5 4.Nf3 Nbd7 5.Bc4 Be7 6.O-O O-O 7.a4 c6 8.h3 a5
9.Be3 Qc7 10.Ba2 h6 11.Nh4 exd4 12.Bxd4 Nc5 13.Ng6 Re8 14.Qf3 Ne6 15.Nxe7+ Qxe7
16.Bxf6 Qxf6 17.Qxf6 gxf6 18.Rad1 Rd8 19.Rd2 Nc7 20.Rfd1 Ne8 21.g4 Be6 22.f4 Rdb8
23.Kf2 Bxa2 24.Nxa2 b5 25.axb5 Rxb5 26.b3 Kf8 27.Nc3 Rc5 28.Na4 Rb5 29.Ke3 Rc8
30.Nc3 Rb4 31.Na2 Rb5 32.Nc3 Rb4 33.Ra1 Ra8 34.Na2 Rb5 35.Nc3 Rc5 36.Na4 Rb5
37.Rd3 Ke7 38.Nc3 Rbb8 39.Ne2 c5 40.Ng3 Ng7 41.Ra4 Rb4 42.Rxb4 axb4 43.Rd1 Ra2
44.Kd3 Ra8 45.Rg1 Ra2 46.h4 Ra7 47.h5 Ra8 48.Rh1 Kd7 49.Kc4 Rg8 50.Rg1 Ra8
51.Rd1 Ke7 52.Rh1 Kd7 53.Rd1 Ke7 54.Kd5 Ra2 55.Rd2 Ra8 56.Rf2 Rg8 57.e5 dxe5
58.fxe5 fxe5 59.Kxe5 Rd8 60.Ne4 Ne6 61.Rf6 Rg8 62.Nd6 Nd4 63.Rxf7+ Kd8 64.Nb7+ Ke8
65.Rf4 Rg5+ 66.Kd6 Nb5+ 67.Kc6 Nd4+ 68.Kb6 Nxc2 69.Re4+ Kf7 70.Nxc5 Rd5 71.Kb5 Kf6
72.Kc4 Rd1 73.Re6+ Kf7 74.Re4 Kf6 75.Nd3 Na3+ 76.Kxb4 Rxd3 77.Kxa3 Rd5 78.b4  1-0

[Event "Polanica Zdroj op"]
[Site "Polanica Zdroj"]
[Date "1994.??.??"]
[Round "?"]
[White "Romaszko, Sylwia"]
[Black "Wesolowski, Tadeusz"]
[Result "1/2-1/2"]
[WhiteElo "2025"]
[BlackElo "2230"]

1.e4 d6 2.d4 Nf6 3.Nc3 e5 4.dxe5 dxe5 5.Qxd8+ Kxd8 6.Bc4 Be6 7.Bxe6 fxe6
8.Nf3 Bb4 9.Bd2 Nbd7 10.O-O-O c6 11.Rhe1 h6 12.Re2 Ke7 13.Kb1 a5 14.Nh4 Rhd8
15.f4 exf4 16.Ng6+ Kf7 17.Nxf4 e5 18.Nd3 b5 19.Rf1 Be7 20.g4 Ke6 21.g5 hxg5
22.Bxg5 a4 23.Nd1 a3 24.b3 Rf8 25.Bxf6 Nxf6 26.Rf5 Bd6 27.Rg5 Rf7 28.Rg6 Kd7
29.Reg2 Nxe4 30.Rxg7 Rf8 31.Rxf7+ Rxf7 32.Re2 Rf1 33.Re1 Rxe1 34.Nxe1 Ke6
35.c3 c5 36.Kc2 b4 37.Kd3 Nf6 38.Ne3 e4+ 39.Kc4 Nd7 40.cxb4 Ne5+ 41.Kc3 cxb4+
42.Kd4 Nf3+ 43.Nxf3 exf3 44.Ke4 Bxh2 45.Kxf3  1/2-1/2

[Event "Polanica Zdroj op"]
[Site "Polanica Zdroj"]
[Date "1994.??.??"]
[Round "?"]
[White "Bus, Mariusz"]
[Black "Wesolowski, Tadeusz"]
[Result "1-0"]
[WhiteElo "2370"]
[BlackElo "2230"]

1.e4 d6 2.d4 Nf6 3.Nc3 e5 4.Nf3 Nbd7 5.Bc4 Be7 6.O-O O-O 7.Re1 c6 8.a4 a5
9.Bg5 h6 10.Bh4 Nh7 11.Bxe7 Qxe7 12.Qd3 Ng5 13.Nxg5 Qxg5 14.Re3 Nb6 15.Bb3 Nd7
16.Rd1 exd4 17.Qxd4 Nc5 18.Bc4 Be6 19.Bf1 Rfd8 20.e5 Bd5 21.Nxd5 cxd5 22.exd6 Ne4
23.Qxd5 Qxd5 24.Rxd5 Rxd6 25.Rxd6 Nxd6 26.Re7 Rd8 27.Bd3 Kf8 28.Rc7 Rc8 29.Rxc8+ Nxc8
30.Kf1 Ke7 31.Ke2 Kd6 32.Be4 b6 33.Bb7 Ne7 34.Kd3 Kc5 35.g3 Nf5 36.b3 Nd4
37.Be4 b5 38.axb5 Nxb5 39.c3 Nc7 40.Bf3 Nb5 41.Bh5 f6 42.Bf7 Nd6 43.Be6 Nb5
44.h4 Nc7 45.Bf7 Nb5 46.h5 Na7 47.Ke4 Nc6 48.Kf5 Ne5 49.Be8 Kd6 50.f4 Nf3
51.Kg6 Ke7 52.Bc6 Nd2 53.Kxg7 Nxb3 54.Kxh6  1-0

[Event "Polanica Zdroj op"]
[Site "Polanica Zdroj"]
[Date "1994.??.??"]
[Round "?"]
[White "Grabarczyk, Bogdan"]
[Black "Ostrowski, Leszek"]
[Result "0-1"]
[WhiteElo "2355"]
[BlackElo "2340"]

1.e4 d6 2.d4 Nf6 3.Nc3 e5 4.Nge2 Be7 5.f3 c6 6.Be3 Nbd7 7.Qd2 O-O 8.g4 b5
9.Ng3 b4 10.Nce2 d5 11.g5 Ne8 12.Nf5 c5 13.dxc5 d4 14.Nexd4 exd4 15.Qxd4 Bxc5
16.Qd2 Bxe3 17.Qxe3 Ne5 18.Ng3 Qxg5 19.f4 Ng4 20.Qd2 Qc5 21.a3 Rb8 22.axb4 Rxb4
23.b3 Nef6 24.Bd3 Bb7  0-1

[Event "POR-ch"]
[Site "?"]
[Date "1994.??.??"]
[Round "1"]
[White "Galego, Luis"]
[Black "Ribeiro, Fernando"]
[Result "1-0"]
[WhiteElo "2440"]
[BlackElo "2200"]

1.e4 d6 2.d4 Nf6 3.Nc3 c6 4.Nf3 Bg4 5.h3 Bh5 6.Bg5 Qa5 7.Qd2 Bxf3 8.gxf3 Nbd7
9.O-O-O e6 10.Kb1 h6 11.Be3 d5 12.Nxd5 Qd8 13.Nxf6+ Qxf6 14.Be2 g6 15.h4 Bg7
16.h5 g5 17.f4 gxf4 18.Bxf4 O-O-O 19.Be3 e5 20.d5 Nb6 21.Qc3 Kb8 22.dxc6 Qxc6
23.Qxc6 bxc6 24.Rxd8+ Rxd8 25.Rg1 Bf8 26.Rg8 Kc7 27.c3 a5 28.Rh8 Na4 29.Kc2 Nc5
30.Rxf8 Rxf8 31.Bxc5 Rg8 32.Be3 Rh8 33.Kb3 Rb8+ 34.Ka3 Rh8 35.Ka4 Rb8 36.b3 Rh8
37.a3 Kd6 38.Kxa5 f5 39.exf5 e4 40.f6 Rf8 41.Bxh6 Rxf6 42.Be3  1-0